Resum de les activitats del Servei d'Esports i Turisme (1998) / Servei d'Esports i Turisme
Descripción Física:
18 p. ; 30 cm
MARC
| LEADER | 00000nam a2200000Ia 4500 | ||
|---|---|---|---|
| 001 | 18455 | ||
| 008 | 160829s9999 xx 000 0 cat d | ||
| 080 | |a FU-51-2 | ||
| 110 | 2 | |a Barcelona (Catalunya : Província). |b Servei d'Esports i Turisme |9 54307 | |
| 245 | |a Resum de les activitats del Servei d'Esports i Turisme (1998) / Servei d'Esports i Turisme | ||
| 260 | |a Barcelona : |b Diputació de Barcelona. Servei d'Esports i Turisme, [1999 ?] | ||
| 300 | |a 18 p. ; |c 30 cm | ||
| 650 | |a Barcelona. Diputació. Servei d'Esports i Turisme | ||
| 901 | |a Arxiu | ||
| 942 | |n 1 | ||
| 952 | |0 0 |1 0 |4 0 |6 FU512 |7 1 |9 49421 |a Arxiu |b Arxiu |d 2016-12-01 |l 0 |o FU-51-2 |p 18455 |r 2016-12-01 00:00:00 |w 2016-12-01 |y ARXIU | ||
| 999 | |c 53263 |d 53263 | ||